| 000 | 00806nam a22002537a 4500 | ||
|---|---|---|---|
| 999 |
_c6836 _d6836 |
||
| 003 | AR-CdUCM | ||
| 008 | 190319b ||||| |||| 00| 0 spa d | ||
| 020 | _a84-03-20990-8 | ||
| 020 | _a84-03-20233-4 | ||
| 040 |
_aMUNICIPALIDAD PROVINCIAL DEL CUSCO _cBIBLIOTECA MUNICIPAL DEL CUSCO |
||
| 082 |
_a531 / _bAL45 |
||
| 100 |
_aAlonso, Marcelo _918680 |
||
| 245 |
_aFisica : _bVolumen I: Mecanica / |
||
| 260 |
_aMadrid : _bFondo educativo interamericano, _bAguilar, _c1970. |
||
| 300 |
_a451 paginas ; _bGraficos, tablas, ilustraciones _c23cm. |
||
| 505 | _aContenido: Fisica y la mecanica | ||
| 650 |
_aQuimica _94512 |
||
| 650 |
_aMecanica _919257 |
||
| 650 |
_aFormulas _919258 |
||
| 650 |
_aLibros de conocimiento _919259 |
||
| 700 |
_aJ. Finn, Edward _919260 |
||
| 942 |
_2ddc _cLIBROS |
||
| 945 | _apjha | ||